Are They In Fortnite? - Sudden Death - Statistics

General Stats
  • This quiz has been taken 70 times
  • The average score is 16 of 26
Answers on the Grid
Answers color-coded by a green-red scale on the quiz's grid according to % correct below.
Agent 47
Ash Ketchum
Bumblebee
Captain Hook
Darth Vader
Donald Trump
Drake
Edward Scissorhands
Eren Jaeger
Eric Cartman
Goku
Hello Kitty
Iron Man
Jack Skellington
Jake the Dog
John Cena
John Wick
Kim Kardashian
Kratos
LeBron James
Lewis Hamilton
Mario
Master Chief
Michael Jackson
Mickey Mouse
Mr. Beast
Naruto
Patrick Mahomes
Peter Griffin
Robocop
Shrek
Snoop Dogg
Sonic
Superman
Tung Tung Tung Sahur
Xenomorph
 
Answer Stats
Answer % Correct
Darth Vader
81%
John Wick
77%
Iron Man
74%
Goku
72%
Kratos
67%
Mr. Beast
67%
Peter Griffin
67%
Superman
67%
Kim Kardashian
65%
LeBron James
65%
Naruto
65%
Snoop Dogg
65%
John Cena
63%
Master Chief
63%
Tung Tung Tung Sahur
63%
Eric Cartman
53%
Patrick Mahomes
53%
Bumblebee
51%
Jack Skellington
51%
Xenomorph
51%
Captain Hook
49%
Eren Jaeger
49%
Jake the Dog
49%
Lewis Hamilton
49%
Edward Scissorhands
47%
Robocop
44%
No matching quizzes found
Score Distribution
Percent of People with Each Score
Percentile by Number Answered
Your Score History
You have not taken this quiz